000 01231nam a2200289 i 4500
001 000046364
003 DO-SdBNP
005 20250408113911.0
008 150805s2012 dr a 000 0 spa d
020 _a9789945404746
040 _aDO-SdBNP
_bspa
_cBNPHU
_erda
082 4 _222
100 1 _aGutiérrez, Franklin,
_d1951-
_9590
_eautor
_4aut.
245 1 0 _aDe cementerios, varones y tumbas :
_bmúltiples caras de la muerte en la cultura y la literatura dominicana /
_cFranklin Gutiérrez ; colaborEditora Naciona,ador, Basilio Belliard ; corrector, Manel García Cartagene ; edición, León Félix Batista
264 _aSanto Domingo :
_bEditora Nacional,
_c@2012.
300 _a380 páginas :
_bilustraciones ;
_c26 cm.
336 _atexto
_btxt
_2rdacontent
337 _asin mediación
_bn
_2rdamedia
338 _avolumen
_bnc
_2rdacarrier
500 _aIncluye referencias bibliográficas y notas al pie de las páginas.
504 _aBibliografía : páginas 379-380
590 _aInventariado, 2024/BT
700 1 _aBelliard, Basilio,
_d1966-
_ecolaborador
_4col.
_923510
700 1 _aGarcía Cartagena, Manuel,
_ecorrector
_4corr.
_912067
700 1 _aFélix Batista, León,
_eedición
_4ed.
_985096
942 _2ddc
_cLBS1
999 _c45853
_d45853